| 000 | ncm a22 a 4500 | ||
|---|---|---|---|
| 999 |
_c349608 _d349608 |
||
| 003 | BLK | ||
| 005 | 20201007040654.0 | ||
| 008 | 200326b bu ||||| |||| 00| 0 bu d | ||
| 040 | _aBLK | ||
| 041 |
_aBUL _cBUL |
||
| 080 |
_aМузика за духови инструменти _b788 _z788 |
||
| 100 |
_aКиндалов, Йордан _eпърви автор _91299 |
||
| 139 |
_aКиндалов, Йордан _bК 54 |
||
| 245 |
_aШкола за флейта _bНотирана музика _cЙордан Киндалов |
||
| 260 |
_9209548 _aСофия _bНаука и изкуство _c1972 |
||
| 300 |
_a208 с. _c37 см _e1 л. прил. |
||
| 380 | _a7 | ||
| 500 | _a867 тир. | ||
| 852 | _aМ ІІ 6060 | ||
| 942 |
_cNOT _n0 _s1 |
||
| 944 |
_aCR _c2020-03-26 _l2020-03-26 |
||
| 999 | _d349608 | ||
| 999 | _d349608 | ||
| 999 | _d349606 | ||
| 999 | _d349604 | ||